000 nam a22 7a 4500
999 _c9971
_d9971
008 180209b ||||| |||| 00| 0 eng d
100 _aAinsworth, A
_96024
245 _aThe down mouse and the country mouse
260 _aLondon
_bLadybird Publication
_c1993